000 00494nam a2200205Ia 4500
005 20240823025336.0
008 240823s9999||||xx |||||||||||||| ||und||
020 _a978-81-315-1248-7
041 _aENGLISH
082 _A620.106 Q0
100 _aMerle C Potter
245 0 _aFluid Mechanics
250 _a1st
260 _c2010
_bCengage Learning
_aNew Delhi
500 _aYES
650 _aFluid Mechanics
_bMechanical
700 _a David C Wiggert
942 _cBK
999 _c186086
_d186086